Guess the lyrics (#15) - Statistics

General Stats
  • This quiz has been taken 381 times
    365 since last reset
  • The average score is 85 of 184
Answer Stats
Answer % Correct
I
98%
A
96%
a
96%
the
91%
you
89%
me
85%
me,
85%
to
81%
And
80%
and
80%
it
75%
do
73%
my
73%
"Go
72%
no
68%
hear
67%
of
66%
I'm
62%
can't
61%
what
60%
all
57%
All
57%
if
57%
that
57%
want
54%
are
52%
this
52%
'em
49%
Don't
48%
I'll
47%
will
47%
but
46%
from
46%
at
43%
time
42%
gonna
41%
out
41%
Every
40%
every
40%
back
39%
Back
39%
couldn't
39%
night
38%
tell
38%
off
37%
got
36%
their
36%
make
35%
They're
33%
going
32%
home"
31%
about
30%
because
30%
more
30%
hold
29%
that's
29%
way
29%
mind
28%
right
27%
wanna
27%
sing
25%
says,
24%
army
23%
"Leave
23%
seven
23%
hell
22%
nation
22%
"Find
21%
through
21%
alone"
20%
fight
20%
myself
20%
coming
19%
Everyone
19%
eyes
19%
forth
19%
before
18%
knows
18%
behind
17%
forget
17%
talking
17%
ain't
16%
catch
16%
story
16%
forever
15%
taking
15%
words
15%
rip
14%
single
14%
cigarette
13%
England
13%
feeling
13%
hounds
13%
Queen
13%
Far
12%
one's
12%
bones
10%
work
9%
drip
8%
message
8%
pore
8%
serve
8%
sweat
8%
bleed
7%
blood
7%
Lord
7%
Wichita
7%
bleeding
6%
opera
6%
straw,
5%
stains
2%
No matching quizzes found
Score Distribution
Percent of People with Each Score
Percentile by Number Answered
Your Score History
You have not taken this quiz since the last reset